000 00385pab a2200133 454500
008 180718b2015 xxu||||| |||| 00| 0 eng d
100 _aMcKeon, Nora
245 _aAccountability and the empowerment of rural people's organizations in global rural transformation
260 _c2015
300 _ap.314-325.
650 _aRural development
773 _aDevelopment
909 _a114689
999 _c114683
_d114683